Beyond capitalism : (Record no. 1430044)
[ view plain ]
| 000 -LEADER | |
|---|---|
| fixed length control field | 01892nam a2200229Ia 4500 |
| 005 - DATE AND TIME OF LATEST TRANSACTION | |
| control field | 20250602152820.0 |
| 008 - FIXED-LENGTH DATA ELEMENTS--GENERAL INFORMATION | |
| fixed length control field | 008 250516s9999 xx 000 0 eng d |
| 040 ## - CATALOGING SOURCE | |
| Original cataloging agency | SDCL |
| Language of cataloging | eng |
| Transcribing agency | SDCL |
| 041 ## - LANGUAGE CODE | |
| Language code of text/sound track or separate title | eng |
| Source of code | eng |
| 084 ## - COLON CLASSIFICATION NUMBER | |
| Classification number | XL R4 |
| Assigning agency | SDCL |
| 245 #0 - TITLE STATEMENT | |
| Title | Beyond capitalism : |
| Remainder of title | Building democratic alternatives for today and the future |
| 260 ## - PUBLICATION, DISTRIBUTION, ETC. | |
| Place of publication, distribution, etc. | New Delhi : |
| Name of publisher, distributor, etc. | Bloomsbury, |
| Date of publication, distribution, etc. | 2024. |
| 300 ## - PHYSICAL DESCRIPTION | |
| Extent | xxvi, 276p. |
| 365 ## - TRADE PRICE | |
| Price type code | INR |
| Price amount | 799 |
| 520 ## - SUMMARY, ETC. | |
| Summary, etc. | Capitalism as a global system barely allows the needs of the majority of the world's population to be met. Whether from an industrialized country such as the US or from South Africa, the need for an alternative can be felt all over the world. It is clear nowadays that, due to the non-democratic nature and inadequacies of capitalism, another system must take its place. Such a process has already begun through the cooperative movement, which this book examines along with other initiatives.<br/><br/>Featuring essays by international scholars and activists from various spheres of the anti-capitalist left, the work features many examples from the north and the south, to cover both the historically-advanced and late capitalist economies. It discusses such initiatives as participatory economics, the Mondragon experience, worker cooperatives in Europe and Latin America, solidarity economy in South Africa, and more.<br/><br/>Written in an accessible manner, Beyond Capitalism will be an invaluable resource for any student of social movements and political thought and for anyone looking for alternative to today's ongoing systemic crises. |
| 650 ## - SUBJECT ADDED ENTRY--TOPICAL TERM | |
| Topical term or geographic name entry element | Political Science / Globalization |
| 9 (RLIN) | 811440 |
| 650 ## - SUBJECT ADDED ENTRY--TOPICAL TERM | |
| Topical term or geographic name entry element | Political Science / Public Policy / Economic Policy |
| 9 (RLIN) | 811197 |
| 650 ## - SUBJECT ADDED ENTRY--TOPICAL TERM | |
| Topical term or geographic name entry element | BUSINESS & ECONOMICS / Economics / General |
| 9 (RLIN) | 811441 |
| 700 ## - ADDED ENTRY--PERSONAL NAME | |
| Personal name | Shantz, Jeff |
| 9 (RLIN) | 809864 |
| 700 ## - ADDED ENTRY--PERSONAL NAME | |
| Personal name | Macdonald, Jose brendan |
| 9 (RLIN) | 811442 |
| 942 ## - ADDED ENTRY ELEMENTS (KOHA) | |
| Koha item type | Textual |
| Source of classification or shelving scheme | Colon Classification (CC) |
| Suppress in OPAC | No |
| Withdrawn status | Lost status | Source of classification or shelving scheme | Damaged status | Not for loan | Home library | Current library | Date acquired | Source of acquisition | Inventory number | Total Checkouts | Full call number | Barcode | Date last seen | Price effective from | Koha item type |
|---|---|---|---|---|---|---|---|---|---|---|---|---|---|---|---|
| Colon Classification (CC) | South Campus Library | South Campus Library | 2025-05-22 | Shivam Book Service | 182, 18/02/2025 | XL R4 | SC1691404 | 2025-05-22 | 2025-05-22 | Textual |
